000 00383nam a2200145Ia 4500
008 220217s9999||||xx |||||||||||||| ||und||
020 _a981-4035-16-5
082 _a005.13 VAN
100 _aVan, Peter Linden, Der
_93377
245 0 _aJust java 1.2
250 _a4th
260 _aSun microsystems press
_bSingapore
_c2000
300 _b477
650 _aPROGRAMMING LANGUAGE
999 _c171888
_d171888